| 000 | 00738nam a22002537a 4500 | ||
|---|---|---|---|
| 003 | 0 | ||
| 005 | 20180728165601.0 | ||
| 008 | 0 | ||
| 010 | _aB-125450 | ||
| 020 |
_c00.00 _a817908003 |
||
| 035 | _aB-125450, B-125451 | ||
| 037 | _bCen Lib/Ret | ||
| 040 |
_aDPL _bEN _c0 |
||
| 082 |
_a327 _bSAA |
||
| 245 |
_aSAARC : _cedited by M.H.Syed _bchallenges ahead / |
||
| 260 |
_aNew Delhi _bKilaso Books _c2003 |
||
| 270 |
_bNew Delhi _a2/19,Ansari Road,Dariya Ganj _e110002 |
||
| 300 |
_avii,335p. _c23cm(Hb) |
||
| 500 | _aIncludes bibliographical reference and index | ||
| 650 |
_aSAARC-Foreign Trade _972218 |
||
| 650 |
_aSAARC-Economic Development _94498 |
||
| 700 |
_aM.H.Syed _970438 |
||
| 942 |
_2ddc _cEN _h327 _mSAA |
||
| 999 |
_c123163 _d123163 |
||